Catálogo Biblioteca Central

Teoría del Estado (Registro nro. 65810)

Detalles MARC
000 -CABECERA
campo de control de longitud fija 00708nam a2200265 i 4500
001 - NÚMERO DE CONTROL
campo de control 65810
003 - IDENTIFICADOR DEL NÚMERO DE CONTROL
campo de control ES-MaBCM
005 - FECHA Y HORA DE LA ÚLTIMA TRANSACCIÓN
campo de control 20241016112743.0
008 - CÓDIGOS DE INFORMACIÓN DE LONGITUD FIJA
campo de control de longitud fija 871020s1974 mex 000 0 spa d
021 ## -
-- xx
035 ## - NÚMERO DE CONTROL DEL SISTEMA
Número de control de sistema (OCoLC)1365128150
040 ## - FUENTE DE LA CATALOGACIÓN
Centro transcriptor ES-MaBCM
041 0# - CÓDIGO DE LENGUA
Código de lengua del texto/banda sonora o título independiente spa
043 ## - CÓDIGO DE ÁREA GEOGRÁFICA
Código de área geográfica mex
080 ## - NÚMERO DE LA CLASIFICACIÓN DECIMAL UNIVERSAL
Número de la Clasificación Decimal Universal 321.01
100 1# - PUNTO DE ACCESO PRINCIPAL - NOMBRE DE PERSONA
Nombre de persona Heller, Hermann
9 (RLIN) 21630
245 10 - MENCIÓN DE TÍTULO
Título Teoría del Estado
Mención de responsabilidad etc. Hermann Heller
260 ## - PUBLICACIÓN, DISTRIBUCIÓN, ETC. (PIE DE IMPRENTA)
Lugar de publicación distribución etc. México :
Nombre del editor distribuidor etc. Fondo de Cultura Económica,
Fecha de publicación distribución etc. 1974
300 ## - DESCRIPCIÓN FÍSICA
Extensión 341 p.
Dimensiones 30 cm
440 #0 - MENCIÓN DE SERIE/PUNTO DE ACCESO ADICIONAL--TÍTULO
Título Sección de obras de ciencia política
RLIN 100691
500 ## - NOTA GENERAL
Nota general 2 ejemplares fotocopiados
650 27 - PUNTO DE ACCESO ADICIONAL DE MATERIA--TÉRMINO DE MATERIA
Término de materia o nombre geográfico como elemento inicial Teoría del Estado
9 (RLIN) 60434
700 1# - PUNTO DE ACCESO ADICIONAL--NOMBRE DE PERSONA
Nombre de persona Niemeyer, Gerhert
9 (RLIN) 33611
942 ## - ELEMENTOS DE PUNTO DE ACCESO ADICIONAL (KOHA)
Tipo de ítem Koha Libros
Existencias
Estado de retiro Estado de pérdida Fuente del sistema de clasificación o colocación Estado dañado No para préstamo Localización permanente Ubicación/localización actual Ubicación en estantería Fecha de adquisición Número de inventario Número de registro Total de préstamos Signatura topográfica completa Código de barras Precio válido a partir de Tipo de ítem Koha
          Biblioteca Central del Ministerio de la Presidencia Biblioteca Central del Ministerio de la Presidencia Sala 26/09/2005 22108 22108   16954 1015291 26/09/2005 Libros